000 00462nam a2200169 a 4500
005 20140412111331.0
008 030317s19uu xx 00 eng d
020 _a0-02-109591-4
050 _aBB
_bSp51 1995
100 _aJonas, Ann
245 _aSplash! /
_cby Ann Jonas.
260 _aNew York :
_bMacmillan/McGraw-Hill School Pub. Comp,
_c1995.
300 _a26 p. ; ill.
650 _aPond life--Fiction
650 _aCounting--Fiction
999 _c104937
_d104937